000 01962cam a2200181 4500500
005 20260405004716.0
041 _afre
042 _adc
100 1 0 _aRobert, Guillaume
_eauthor
700 1 0 _aBrunner, Eugénie
_eauthor
245 0 0 _aLa certification des comptes, un outil complémentaire pour l’indispensable amélioration de la qualité des comptes des collectivités locales
260 _c2025.
500 _a36
520 _aL’expérimentation de la certification des comptes locaux a répondu aux attentes d’amélioration de la maîtrise des risques et de la qualité des comptes et permet de mieux cadrer le recours à cette démarche par les collectivités qui le souhaiteraient. Force est néanmoins de constater que la démarche de certification des comptes présente des coûts et des limites conduisant à interroger sa soutenabilité et sa portée dans le secteur public local, ce qui conduit à en promouvoir l’usage auprès des collectivités qui en tireraient le bénéfice le plus direct, tout en poursuivant la promotion de l’ensemble des outils d’amélioration de la qualité des comptes.
520 _aThe experiment regarding the certification of local authorities accounts has met expectations for improving risk management and account quality, thereby allowing for a better framework for local authorities wishing to pursue this approach. However, the process of certification involves costs and limitations that raise questions about its sustainability and scope within the local public sector. This leads to advocating its use primarily for those local authorities that would derive the most direct benefit, while continuing to promote all available tools for enhancing account quality.
786 0 _nRevue française de finances publiques | 172 | 4 | 2025-11-20 | p. 33-41 | 0294-0833
856 4 1 _uhttps://droit.cairn.info/revue-revue-francaise-de-finances-publiques-2025-4-page-33?lang=fr&redirect-ssocas=7080
999 _c2077742
_d2077742